UNCTAD handbook of statistics = 2011.

Bibliographic Details
Corporate Author: United Nations Conference on Trade and Development (UNCTAD)
Format: Book
Published: New York: United Nations, 2011.
Subjects:
LEADER 00517cam a2200145 7i4500
001 0000027785
005 20120523090000.0
020 0 0 |a 9789211128291  
090 0 0 |a STAT 310.9   |b UNI 
110 2 0 |a United Nations Conference on Trade and Development (UNCTAD) 
245 2 0 |a UNCTAD handbook of statistics =   |l manuel de statistiques de la CNUCED :   |b 2011. 
260 0 0 |a New York:   |b United Nations,   |c 2011. 
300 # # |a 470 p. 
650 0 0 |a Statistics --   |x Handbook, manual etc  
999 |a 0000030317  |b Book  |c Statistics  |e Business Information Centre